Trabajos con recortes de tela : "patchwork" /

Guardado en:
Autor Principal: Svennas, E
Formato: Libro
Publicado: Buenos Aires : Kapelusz, 1974
Series:Colección Cómo Hacer
Materias:
Etiquetas: Agregar Etiqueta
Sin Etiquetas, Sea el primero en etiquetar este registro!
LEADER 00561nam a22002055a 4500
001 CEM.cems006106
005 20060214000000.0
008 130507s1974##################000#0#####d
003 CEMS
082 0 4 |a 372.5 
100 1 |a Svennas, E 
245 1 0 |a Trabajos con recortes de tela :  |b "patchwork" / 
260 |a Buenos Aires :  |b Kapelusz,  |c 1974 
300 |a 93 p. 
490 0 |a Colección Cómo Hacer 
653 |a Educacion 
653 |a Educacion primaria 
653 |a Manualidades 
653 |a Titeres 
859 |a CEMS  |b BIB. CEMS - 11 de abril  |h 372.5  |i Sv25  |p 8693.81  |t Ej.1